Представление документа в формате RUSMARC

ПолеНазваниеЗначение
  Тип записи a
  Библиографический уровень m
001 Контрольный номер RU/SLIB/B/208753613
005 Дата корректировки 20201206204142.7
010 Индекс ISBN __
d Цена 2-10
101 Язык документа __
a Язык текста rus
200 Заглавие и сведения об ответственности 1_
a Заглавие О профессионализме народного искусства
f Первые сведения об ответственности Разина Т. М.
b Общее обозначение материала Текст
210 Выходные данные __
a Место издания М.
c Издательство Совет. художник
d Дата издания 1985
215 Физическое описание __
a Объем 191 с.
c Иллюстрации/тип воспроизводства ил.
225 Серия __
a Серия Искусство: проблемы, история, практика
330 Аннотация __
a Аннотация Исследование посвящено специфике народного декоративно-прикладного искусства, его высокой духовной ценности в развитии профессионального творчества.
606 Тематические рубрики __
a Основная рубрика Изобразительное искусство и архитектура
606 Тематические рубрики __
a Основная рубрика Декоративно-прикладное искусство в целом
610 Ключевые слова __
a Ключевые слова народное искусство; прикладное искусство; декоративное искусство; история прикладных искусств
686 Индексы других классификаций __
a Классификационный индекс 85.12
700 Автор __
a Фамилия Разина
b Имя Т. М.
4 Код отношения 070
801 Источник записи _0
a Страна RU
b Организация Муниципальное бюджетное учреждение культуры "Централизованная библиотечная система" г. Сургут (Центральная городская библиотека им. А. С. Пушкина)
g Правила каталогизации КиК/Уланова
801 Источник записи _1
a Страна RU
b Организация Муниципальное бюджетное учреждение культуры "Централизованная библиотечная система" г. Сургут (Центральная городская библиотека им. А. С. Пушкина)
g Правила каталогизации КиК/Уланова
852 Данные о местонахождении __
j Шифр хранения 85.12
c Каталожный индекс 85.12
i Авторский знак Р 17
p Инвентарный номер 25814
901 Тип документа __
t Тип документа m
990 Данные о заказе (DOS) __
j Количество экземпляров (DOS) 1